The voyage : (Record no. 42588)

MARC details
000 -LEADER
fixed length control field 00686nam a22002057a 4500
005 - DATE AND TIME OF LATEST TRANSACTION
control field 20100819151222.0
010 ## - LCCN (DPL NO)
LC control number ENG-101010
020 ## - INTERNATIONAL STANDARD BOOK NUMBER
International Standard Book Number 9788189293642
Terms of availability 100.00
035 ## - SYSTEM CONTROL NUMBER
System control number EN-84543
037 ## - SOURCE OF ACQUISITION
Source of stock number/acquisition DBAD/PUB
082 ## - DEWEY DECIMAL CLASSIFICATION NUMBER
Classification number N
100 ## - MAIN ENTRY--PERSONAL NAME
Personal name Jarasandhu,S.
245 ## - TITLE STATEMENT
Title The voyage :
Remainder of title paddi /
Statement of responsibility, etc by S.Jarasandhu ; translated by Ketaki Datta
260 ## - PUBLICATION, DISTRIBUTION, ETC. (IMPRINT)
Place of publication, distribution, etc Kolkata
Name of publisher, distributor, etc Books Way Publishers
Date of publication, distribution, etc 2008
270 ## - ADDRESS
Address 86A, College Street , YMCA Building
City Kolkata
Postal code 700073
300 ## - PHYSICAL DESCRIPTION
Extent 111p.
Dimensions 22cm (Hb)
700 ## - ADDED ENTRY--PERSONAL NAME
Personal name Datta, Ketaki
9 (RLIN) 15279
942 ## - ADDED ENTRY ELEMENTS (KOHA)
Source of classification or shelving scheme Dewey Decimal Classification
Item type English Books
Classification part N
Call number suffix JAR
Holdings
Withdrawn status Lost status Not for loan Collection code Home library Current library Date acquired Source of acquisition Cost, normal purchase price Full call number Barcode Copy number Cost, replacement price Koha item type
    Not For Loan Non-fiction D.B.Act.Division D.B.Act.Division 19/08/2010 DBAD/PUB 100.00 N JAR EN-84543 1 100.00 English Books

© Delhi Public Library
Hit Counter
free hit counter